Statistische Schilderung von Russland, in Rücksicht auf Bevölkerung, Landesbeschaffenheit, Naturprodukte, Landwirtschaft, Bergbau, Manufakturen und Handel (Запись № 10378655)

Подробности
000 -МАРКЕР
контрольное поле 01517nam0a22003251 4500
001 - ИДЕНТИФИКАТОР ЗАПИСИ
контрольное поле RU\NLR\A2\5588
005 - ИДЕНТИФИКАТОР ВЕРСИИ
контрольное поле 20251203171251.9
035 ## - ДРУГИЕ СИСТЕМНЫЕ НОМЕРА
Идентификатор записи (NLR Aleph) 009859108
100 ## - ДАННЫЕ ОБЩЕЙ ОБРАБОТКИ
Данные общей обработки 19961112d1790 u y0rusy50 ca
101 0# - ЯЗЫК РЕСУРСА
Язык текста, звукозаписи и т.д. немецкий
102 ## - СТРАНА ПУБЛИКАЦИИ ИЛИ ПРОИЗВОДСТВА
Страна публикации российская федерация
-- германия
200 1# - ЗАГЛАВИЕ И СВЕДЕНИЯ ОБ ОТВЕТСТВЕННОСТИ
Основное заглавие Statistische Schilderung von Russland, in Rücksicht auf Bevölkerung, Landesbeschaffenheit, Naturprodukte, Landwirtschaft, Bergbau, Manufakturen und Handel
Первые сведения об ответственности Von Benedikt Franz Johann Hermann, Russisch-kaiserlichem Hofrath, und der Kaiserlichen Akademie der Wissenschaften in St. Petersburg, wie auch der Freyen ökonomischen Gesellschaft daselbst und anderer gelehrten Gesellschaften Mitglied
210 ## - ПУБЛИКАЦИЯ, РАСПРОСТРАНЕНИЕ И ДР.
Место издания, распространения и т.д. St. Petersburg [St.- Peterburg]
Имя издателя, распространителя и т. д. Bey Christian Tornow und Compagnie
Место издания, распространения и т.д. Leipzig
Имя издателя, распространителя и т. д. In Commission bey Friedrich Gotthold Jacobäer
Дата издания, распространения и т.д. 1790
215 ## - ФИЗИЧЕСКАЯ ХАРАКТЕРИСТИКА
Специфическое обозначение материала и объем [14], 488 с., [17] л. ил.
Размеры
321 1# - ПРИМЕЧАНИЯ ОБ ОТДЕЛЬНО ИЗДАННЫХ УКАЗАТЕЛЯХ / РЕФЕРАТАХ / ССЫЛКАХ, ОТРАЖАЮЩИХ КАТАЛОГИЗИРУЕМЫЙ ДОКУМЕНТ
Примечания об указателях, рефератах, ссылках СК XVIII(ин.) 1299
620 ## - МЕСТО И ДАТА ПУБЛИКАЦИИ, ИСПОЛНЕНИЯ И Т. Д.
Город St.- Peterburg
620 ## - МЕСТО И ДАТА ПУБЛИКАЦИИ, ИСПОЛНЕНИЯ И Т. Д.
Город Leipzig
700 #1 - ИМЯ ЛИЦА - ПЕРВИЧНАЯ ОТВЕТСТВЕННОСТЬ
Связь между полями a01700
Начальный элемент ввода Hermann
Часть имени, кроме начального элемента ввода B.F.J.
Даты 1755-1815
Расширение инициалов личного имени Benedict Franz Johann
Код отношения Автор
700 #1 - ИМЯ ЛИЦА - ПЕРВИЧНАЯ ОТВЕТСТВЕННОСТЬ
Связь между полями a01700
Начальный элемент ввода Герман
Часть имени, кроме начального элемента ввода И.Ф.
Даты 1755-1815
Расширение инициалов личного имени Иван Филиппович
Код отношения Автор
Графика поля Кириллица
702 #1 - ИМЯ ЛИЦА - ВТОРИЧНАЯ ОТВЕТСТВЕННОСТЬ
Начальный элемент ввода Tornow
Часть имени, кроме начального элемента ввода Ch.
Расширение инициалов личного имени Christian
Код отношения Издатель
702 #1 - ИМЯ ЛИЦА - ВТОРИЧНАЯ ОТВЕТСТВЕННОСТЬ
Начальный элемент ввода Jacobäer
Часть имени, кроме начального элемента ввода F.G.
Расширение инициалов личного имени Friedrich Gotthold
Код отношения Книготорговец
801 #0 - ИСТОЧНИК ЗАПИСИ
Страна российская федерация
Организация NLR
Дата составления 19961112
852 ## - МЕСТОНАХОЖДЕНИЕ И ШИФР ХРАНЕНИЯ
Идентификатор организации NLR
Наименование фонда или коллекции (Sub-Location Identifier) Rossica
Шифр хранения (Call Number) 13.2.7.15
942 ## - ДОПОЛНИТЕЛЬНЫЕ ЭЛЕМЕНТЫ ЗАПИСИ (АБИС)
Тип экземпляра АБИС Книга
980 ## - КОЛЛЕКЦИЯ
Название коллекции Национальная библиография
980 ## - КОЛЛЕКЦИЯ
Название коллекции Россика
980 ## - КОЛЛЕКЦИЯ
Название коллекции Книги XVIII века на западноевропейских языках, изданные в России
Экземпляры
Тип экземпляра Дата поступления Библиотека постоянного хранения Библиотека текущего хранения Место хранения Шифр хранения Штрих-код Статус не для выдачи
Книга 26.10.2013 РНБ (Садовая) РНБ (Садовая) Иностранный книжный фонд, главное здание (Садовая) Rossica 13.2.7.15 9859108-10